Normal view
MARC view
- تأليف : شلبي، احمد
Entry Personal Name
001 - CONTROL NUMBER
- control field: 20954
003 - CONTROL NUMBER IDENTIFIER
- control field: JO-AjAnu
005 - DATE AND TIME OF LATEST TRANSACTION
- control field: 20230606073634.0
008 - FIXED-LENGTH DATA ELEMENTS
- fixed length control field: 230606|| aca||aabn | a|a d
040 ## - CATALOGING SOURCE
- Original cataloging agency: JO-AjAnu
- Transcribing agency: JO-AjAnu
100 ## - HEADING--PERSONAL NAME
- Personal name: تأليف : شلبي، احمد
670 ## - SOURCE DATA FOUND
- Source citation: Work cat.: (JO-AjAnu)10766: تأليف : شلبي، احمد, author, الحياة الاجتماعية في التفكير الاسلامي : مباحث اجتماعية في نطاق الاسرة وفي نطاق المجتمع وفي نطاق المال